Statystyki dla Gracze YFL SMP

Kliknij tutaj aby rozwiązać quiz!

Ogólne statystyki

  • Ten quiz został rozwiązany 219 razy
    (71 od ostatniego zresetowania)
  • Średni wynik to 18 z 97

Statystyki odpowiedzi

Odpowiedź% Poprawnych
Young Multi
96%
Dzinold
65%
Bandura
63%
Zwierzak
63%
Merghani
57%
Mork
52%
Kasix
43%
Adrian1G
41%
Kaleson
41%
Mamiko
41%
Popo
39%
Kubx
37%
Navcia
35%
Nexe
35%
Remsua
35%
Skkf
35%
Diables
30%
Młodziutki
30%
LukiSteve
28%
Thorek
26%
YoshihitoMayoshe
26%
Bladii
24%
Cinkrof
24%
Grubamruwa
24%
Mortalcio
24%
Vysotzky
24%
Mokry Suchar
22%
Olszakumpel
22%
Rybson
22%
DobryPT
20%
Franio
20%
Graf
20%
Isamu
20%
Paris Platynov
20%
Kuqe 2115
17%
Shiianah
17%
Zony
17%
Aki
15%
Lala_style
15%
Pisicela
15%
Pokój Wytrzeźwień
15%
qt_Janina
15%
Slayproxx
15%
Testree
15%
Zaha
15%
Anterias
13%
Kami
13%
Miszel
13%
100PA
11%
Bartman
11%
CTSG
11%
Diabeuu
11%
Masle1
11%
Matek
11%
Matixoxo
11%
Nervarien
11%
Pelcu
11%
Pevor
11%
Rakso
11%
Vgz
11%
Włodar
11%
DzuniorJR
9%
Eizowsky
9%
Kapitan Alien
9%
Kubson92
9%
Ortis
9%
Pyka
9%
RandomBruce
9%
Taku
9%
Aspyr
7%
Cubixmeister
7%
Lawek
7%
Lilqki
7%
Lour
7%
Mailinh
7%
mmjj
7%
TheMolka
7%
Zeron
7%
Zielony
7%
Andrej
4%
Artur
4%
b4ew
4%
Claudien
4%
Essen
4%
Ilasek
4%
Jasiunio
4%
Kamilexior
4%
Korniexe
4%
Kuoczek
4%
Madissu
4%
Mesuzi
4%
P4CHURA
4%
ReksetoDev
4%
Sarielov
4%
Shinei
4%
TheSpartanin
4%
TheTuso
4%

Rozkład punktacji

Percentyl według liczby udzielonych odpowiedzi

Procent ludzi z każdym wynikiem

Twoja historia wyników

Nie rozwiązałeś tego quizu od ostatniego zresetowania